[Event "Linares"]
[Site "?"]
[Date "1990.??.??"]
[Round "?"]
[White "Kasparov, Garry"]
[Black "Short, N."]
[Result "1-0"]
[WhiteElo "2800"]
[BlackElo "2635"]
[PlyCount "95"]
[EventDate "1990.??.??"]
[Source "ChessBase"]
[SourceDate "1990.01.01"]

1. c4 e5 2. Nc3 Nc6 3. g3 g6 4. Bg2 Bg7 5. d3 d6 6. e4 Be6 7. Nge2 Qd7 8. Nd5 Nce7 9. d4 c6 10. Ne3 Bh3 11. O-O Bxg2 12. Kxg2 exd4 13. Nxd4 h5 14. a4 Nh6 15. Ra3 O-O-O 16. a5 h4 17. a6 b6 18. Nf3 hxg3 19. fxg3 f6 20. c5 dxc5 21. Qb3 Kb8 22. Rd1 Qc8 23. Nc4 Rxd1 24. Qxd1 Nf7 25. Rd3 g5 26. Qb3 Qe6 27. Be3 Nc8 28. Nxb6 Qxb3 29. Nd7+ Kc7 30. Rxb3 Kxd7 31. Rb7+ Ke6 32. Bxc5 Bf8 33. Nd4+ Ke5 34. Nxc6+ Kxe4 35. Bxa7 Nfd6 36. Rc7 Nxa7 37. Rxa7 Nc4 38. Ra8 Bg7 39. Ra7 Ne3+ 40. Kg1 Rg8 41. Re7+ Kd3 42. a7 Rc8 43. Kf2 Nd1+ 44. Kf3 g4+ 45. Kxg4 f5+ 46. Kf3 Bxb2 47. Rd7+ Kc2 48. Rd8 1-0

[Event "Sankt_Peterburg"]
[Site "?"]
[Date "1997.??.??"]
[Round "?"]
[White "Salov, Va"]
[Black "Khalifman, A."]
[Result "1/2-1/2"]
[WhiteElo "2665"]
[BlackElo "2650"]
[PlyCount "46"]
[EventDate "1997.??.??"]
[Source "ChessBase"]
[SourceDate "1997.02.01"]

1. c4 e5 2. Nc3 Nc6 3. g3 g6 4. Bg2 Bg7 5. d3 d6 6. e4 Nd4 7. Nge2 Bg4 8. h3 Bf3 9. Bxf3 Nxf3+ 10. Kf1 Ne7 11. Kg2 Nd4 12. Bg5 Ne6 13. h4 c6 14. Be3 O-O 15. d4 f5 16. d5 f4 17. dxe6 fxe3 18. f3 b5 19. cxb5 d5 20. bxc6 d4 21. Na4 Qd6 22. Nc1 Qxe6 23. Nd3 Nxc6 1/2-1/2

[Event "Munich"]
[Site "Munich"]
[Date "1993.??.??"]
[Round "4"]
[White "Lobron, Eric"]
[Black "Gelfand, Boris"]
[Result "1/2-1/2"]
[WhiteElo "2620"]
[BlackElo "2690"]
[PlyCount "128"]
[EventDate "1993.05.??"]
[Source "ChessBase"]

1. c4 g6 2. Nc3 Bg7 3. g3 e5 4. Bg2 d6 5. e4 Nc6 6. d3 f5 7. exf5 Bxf5 8. Nge2 Qd7 9. h3 Nge7 10. Be3 Be6 11. Ne4 Nf5 12. Bd2 h6 13. O-O O-O 14. Bc3 g5 15. b4 Nce7 16. Kh2 b6 17. a4 c6 18. b5 c5 19. a5 d5 20. cxd5 Nxd5 21. Qb1 Rad8 22. axb6 axb6 23. Ra6 Qe8 24. Qb2 Bc8 25. Ra7 Nxc3 26. N2xc3 Rxd3 27. Rfa1 Rd7 28. Rxd7 Qxd7 29. Nd5 Nd4 30. Nxb6 Qxb5 31. Qxb5 Nxb5 32. Nxc8 Rxc8 33. Ra5 Nd4 34. Nxc5 Nc6 35. Bd5+ Kh8 36. Bxc6 Rxc6 37. Kg2 Kh7 38. Kf3 Kg6 39. Ra6 Rxa6 40. Nxa6 Bf8 41. Ke4 Kf6 42. g4 Bd6 43. Kd5 Ke7 44. Kc6 Ba3 45. Nc7 Bc1 46. Kd5 Kf6 47. Ne8+ Kg6 48. Kxe5 h5 49. Ke6 hxg4 50. hxg4 Bb2 51. Nd6 Bd4 52. f3 Bb2 53. Nc4 Bc1 54. Ne5+ Kg7 55. Kf5 Bd2 56. Nd7 Be3 57. Nf6 Bc1 58. Ne4 Kh6 59. Kf6 Bb2+ 60. Kf7 Bc1 61. Nd6 Bb2 62. Nc4 Bc3 63. Ke6 Kg6 64. Ne5+ Kg7 1/2-1/2

[Event "Manresa"]
[Site "Manresa"]
[Date "1995.??.??"]
[Round "6"]
[White "Lalic, Bogdan"]
[Black "Giorgadze, Giorgi"]
[Result "1/2-1/2"]
[WhiteElo "2590"]
[BlackElo "2605"]
[PlyCount "34"]
[EventDate "1995.06.??"]
[Source "www.chesslib.no"]
[SourceDate "2004.05.04"]

1. c4 e5 2. g3 Nc6 3. Bg2 g6 4. Nc3 Bg7 5. d3 d6 6. e4 h5 7. h4 Nd4 8. Nce2 Ne6 9. Nf3 Nf6 10. Ng5 O-O 11. O-O Qe7 12. Bd2 Nh7 13. Nxe6 Bxe6 14. Nc3 c6 15. Be3 Nf6 16. Bg5 Qd7 17. Qd2 Bh3 1/2-1/2

[Event "Groningen PCA"]
[Site "Groningen"]
[Date "1993.??.??"]
[Round "1"]
[White "Serper, Grigory"]
[Black "Chernin, Alexander"]
[Result "1-0"]
[WhiteElo "2575"]
[BlackElo "2615"]
[PlyCount "143"]
[EventDate "1993.12.??"]
[Source "ChessBase"]

1. c4 e5 2. g3 Nc6 3. Bg2 g6 4. Nc3 Bg7 5. e4 d6 6. d3 h5 7. h4 Nd4 8. Nce2 Ne6 9. Nf3 Nf6 10. Ng5 O-O 11. O-O Re8 12. f4 Nxg5 13. hxg5 Ng4 14. Kh1 c6 15. Nc3 f6 16. gxf6 Qxf6 17. fxe5 Qxe5 18. Bf4 Qd4 19. Qd2 a5 20. Rad1 a4 21. a3 Be6 22. Rde1 Ne5 23. Rd1 Ng4 24. Rde1 Rf8 25. Bf3 Rf7 26. Bxg4 Bxg4 27. Be3 Rxf1+ 28. Rxf1 Qe5 29. Bf4 Qe6 30. Be3 Be5 31. Bf4 Rf8 32. Rf2 Qf6 33. Kg1 Re8 34. Bxe5 Qxe5 35. Qf4 Qxf4 36. Rxf4 Kg7 37. Nxa4 Be2 38. c5 dxc5 39. Nxc5 b6 40. Kf2 Bg4 41. Na4 Rb8 42. Ke3 c5 43. Rf2 Be6 44. b4 c4 45. Rc2 cxd3 46. Rc6 Bb3 47. Nxb6 Bc2 48. Nc4 Re8 49. Nb2 g5 50. Nxd3 Bxd3 51. Kxd3 h4 52. gxh4 gxh4 53. Ke3 h3 54. Kf3 Ra8 55. Rc3 Kf6 56. Kg3 Ke5 57. Kxh3 Kxe4 58. Kg3 Kd4 59. Rf3 Kc4 60. Kf2 Kb5 61. Ke2 Ka4 62. Kd2 Rd8+ 63. Kc3 Rc8+ 64. Kb2 Rh8 65. Rf6 Rh2+ 66. Kc3 Rh3+ 67. Kc4 Rh4+ 68. Kc5 Rh5+ 69. Kb6 Kxa3 70. b5 Kb4 71. Rf4+ Kc3 72. Ka6 1-0

[Event "Nice"]
[Site "?"]
[Date "1974.??.??"]
[Round "7"]
[White "Portisch Lajos"]
[Black "Gheorghiu Florin"]
[Result "1/2-1/2"]
[WhiteElo "2645"]
[BlackElo "2540"]
[PlyCount "81"]
[EventDate "1974.??.??"]
[Source "www.chesslib.no"]
[SourceDate "2004.05.04"]

1. c4 e5 2. Nc3 Nc6 3. g3 g6 4. Bg2 Bg7 5. e4 d6 6. d3 Be6 7. Nge2 Qd7 8. Nd5 Nce7 9. d4 c6 10. Nxe7 Nxe7 11. d5 cxd5 12. cxd5 Bh3 13. Bxh3 Qxh3 14. Qa4+ Qd7 15. Qxd7+ Kxd7 16. Be3 f5 17. f3 h5 18. Nc3 Bh6 19. Bf2 Ng8 20. Ke2 Nf6 21. h3 b5 22. Kd3 a6 23. a4 b4 24. Nd1 Rhc8 25. Ne3 Ke7 26. Rac1 fxe4+ 27. fxe4 Nd7 28. Rxc8 Rxc8 29. Nc4 Rf8 30. Be3 Bxe3 31. Kxe3 Nc5 32. Na5 Nxa4 33. Rc1 Nc5 34. Nc6+ Kf6 35. Rf1+ Kg7 36. Rxf8 Kxf8 37. Nxb4 a5 38. Nd3 Nb3 39. Nf2 Nc5 40. Nd3 Nb3 41. Nf2 1/2-1/2

[Event "5th IECC"]
[Site "Antalya"]
[Date "2004.05.24"]
[Round "9"]
[White "Hulak, Krunoslav"]
[Black "Miroshnichenko, Evgenij"]
[Result "0-1"]
[WhiteElo "2550"]
[BlackElo "2599"]
[PlyCount "70"]
[EventDate "2004.05.15"]
[Source "Roberto Alvarez"]
[SourceDate "2004.05.31"]

1. c4 g6 2. g3 Bg7 3. Bg2 e5 4. Nc3 d6 5. e4 Nc6 6. d3 Nge7 7. Nge2 O-O 8. O-O a6 9. Rb1 Be6 10. Nd5 b5 11. b3 Rb8 12. Bb2 f5 13. Rc1 bxc4 14. dxc4 fxe4 15. Bxe4 Nf5 16. Ndf4 Bd7 17. Qd5+ Kh8 18. Ne6 Bxe6 19. Qxe6 Nb4 20. a3 Rf6 21. Qxf6 Qxf6 22. axb4 Rxb4 23. Rc3 Ne7 24. Rd3 Qe6 25. Ra1 Rb6 26. Ra3 Ng8 27. Nc3 Nf6 28. Kg2 Nxe4 29. Nxe4 Bf8 30. Ra5 Qc8 31. f3 Qb7 32. Nd2 Bh6 33. c5 Bxd2 34. cxd6 Bxa5 35. d7 Rd6 0-1

[Event "WchT 3rd"]
[Site "Lucerne SUI"]
[Date "1993.??.??"]
[Round "1"]
[White "Serper, Grigory"]
[Black "Xu Jun"]
[Result "1/2-1/2"]
[WhiteElo "2600"]
[BlackElo "2535"]
[PlyCount "86"]
[EventDate "1993.10.??"]
[Source "www.chesslib.no"]
[SourceDate "2004.05.04"]

1. c4 e5 2. g3 Nc6 3. Bg2 g6 4. Nc3 Bg7 5. d3 d6 6. e4 Be6 7. Nge2 Qd7 8. Nd5 Nd8 9. d4 c6 10. Ne3 Bh3 11. Bxh3 Qxh3 12. d5 h5 13. Nc3 Nf6 14. Qe2 O-O 15. f3 a6 16. Qg2 Qxg2 17. Nxg2 cxd5 18. cxd5 b5 19. Ke2 Nb7 20. Be3 Rfc8 21. Rhc1 Nd7 22. Ne1 Na5 23. b3 Bf6 24. Nd1 Bd8 25. Nd3 Bb6 26. Bxb6 Nxb6 27. Nb4 Nd7 28. Ne3 Nc5 29. Rc2 Kg7 30. Nd3 Nab7 31. b4 Nxd3 32. Kxd3 Rxc2 33. Nxc2 a5 34. a3 f5 35. Rc1 fxe4+ 36. fxe4 Nd8 37. Ne3 Nf7 38. Nd1 axb4 39. axb4 Ra2 40. Rc2 Ra3+ 41. Rc3 Ra2 42. Rc2 Ra3+ 43. Rc3 Ra2 1/2-1/2

[Event "Cap d'Agde"]
[Site "?"]
[Date "1994.??.??"]
[Round "?"]
[White "Psakhis, L."]
[Black "Moskalenko, V."]
[Result "1/2-1/2"]
[WhiteElo "2615"]
[BlackElo "2520"]
[PlyCount "116"]
[EventDate "1994.??.??"]
[Source "ChessBase"]
[SourceDate "1994.10.01"]

1. c4 e5 2. g3 Nc6 3. Bg2 g6 4. Nc3 Bg7 5. d3 d6 6. e4 Nge7 7. Nge2 O-O 8. O-O f5 9. Be3 Nd4 10. Bxd4 exd4 11. Nd5 c6 12. Nxe7+ Qxe7 13. Qd2 Be6 14. Rae1 fxe4 15. Bxe4 Qd7 16. Bg2 Rae8 17. Nc1 Bf5 18. b4 h5 19. h4 Kh7 20. Nb3 Rxe1 21. Rxe1 Re8 22. Rxe8 Qxe8 23. Kh2 Qe5 24. Na5 Bh6 25. Qd1 Qe7 26. b5 cxb5 27. cxb5 d5 28. Nb3 Qb4 29. Bxd5 Qxb5 30. Bc4 Qd7 31. Qf3 b6 32. Qa8 Bg7 33. Nd2 Qc8 34. Qxa7 b5 35. Bb3 Qc6 36. Qb8 Bf6 37. Ne4 Bxe4 38. Qg8+ Kh6 39. Qf8+ Bg7 40. Qf4+ Kh7 41. dxe4 d3 42. Kg2 d2 43. Qf3 Qc3 44. Qxc3 Bxc3 45. f4 Bd4 46. Kf3 Kg7 47. e5 Bg1 48. g4 hxg4+ 49. Kxg4 Kh6 50. f5 gxf5+ 51. Kxf5 Bf2 52. Kg4 Bd4 53. e6 Kg6 54. Kf4 Bf6 55. Bc2+ Kh5 56. Ke4 Bxh4 57. Kd5 Be7 58. Kc6 Kg5 1/2-1/2

[Event "Katrineholm"]
[Site "Katrineholm"]
[Date "1999.05.15"]
[Round "5"]
[White "Gavrikov, Viktor"]
[Black "Ibragimov, Ildar"]
[Result "1/2-1/2"]
[WhiteElo "2532"]
[BlackElo "2602"]
[PlyCount "35"]
[EventDate "1999.05.??"]
[Source "ChessBase"]
[SourceDate "1999.08.01"]

1. c4 e5 2. g3 Nc6 3. Bg2 g6 4. d3 Bg7 5. Nc3 d6 6. e4 f5 7. Nge2 Nf6 8. O-O O-O 9. Nd5 Be6 10. Bg5 Qd7 11. Qd2 Nh5 12. exf5 Bxf5 13. b4 Rae8 14. b5 Nd8 15. Be3 c6 16. bxc6 bxc6 17. Ndc3 Nf6 18. Qc2 1/2-1/2

[Event "Corr"]
[Site "?"]
[Date "1998.??.??"]
[Round "?"]
[White "Binelli Rodolfo Eduardo"]
[Black "Hiltunen Reijo"]
[Result "1/2-1/2"]
[WhiteElo "2542"]
[BlackElo "2546"]
[PlyCount "52"]
[EventDate "1998.??.??"]
[Source "www.chesslib.no"]
[SourceDate "2004.05.04"]

1. c4 e5 2. Nc3 Nc6 3. g3 g6 4. Bg2 Bg7 5. d3 d6 6. e4 Be6 7. Nge2 Qd7 8. Nd5 Nce7 9. d4 c6 10. Ne3 Bh3 11. O-O Bxg2 12. Kxg2 exd4 13. Nxd4 O-O-O 14. Qd3 h5 15. Nf3 h4 16. Ng5 hxg3 17. fxg3 Nh6 18. Rb1 f6 19. Nf3 Nf7 20. b4 Ne5 21. Qc2 Rh7 22. Nxe5 dxe5 23. b5 c5 24. Rf2 Rdh8 25. Kg1 f5 26. Nd5 f4 1/2-1/2

[Event "Corr"]
[Site "?"]
[Date "1999.??.??"]
[Round "?"]
[White "McNab Colin Anderson"]
[Black "Peluso Angelo"]
[Result "1/2-1/2"]
[WhiteElo "2523"]
[BlackElo "2552"]
[PlyCount "43"]
[EventDate "1999.??.??"]
[Source "www.chesslib.no"]
[SourceDate "2004.05.04"]

1. c4 e5 2. Nc3 Nc6 3. g3 g6 4. Bg2 Bg7 5. d3 d6 6. e4 Nge7 7. h4 Nd4 8. h5 Be6 9. Be3 c6 10. Qd2 Qd7 11. O-O-O O-O-O 12. Bh6 Bxh6 13. Qxh6 Kb8 14. hxg6 fxg6 15. Nge2 Rdf8 16. f4 Nxe2+ 17. Nxe2 Rf7 18. Bh3 Ng8 19. Bxe6 Qxe6 20. Qh3 Qxh3 21. Rxh3 Nf6 22. Kd2 1/2-1/2

[Event "Porto San Giorgio"]
[Site "?"]
[Date "1994.??.??"]
[Round "?"]
[White "Kosten, A."]
[Black "Giorgadze, G."]
[Result "1/2-1/2"]
[WhiteElo "2510"]
[BlackElo "2565"]
[PlyCount "115"]
[EventDate "1994.??.??"]
[Source "ChessBase"]
[SourceDate "1994.06.01"]

1. c4 e5 2. g3 Nc6 3. Bg2 g6 4. Nc3 Bg7 5. e4 d6 6. d3 h5 7. h4 Nd4 8. Nce2 Ne6 9. Be3 Nf6 10. f3 O-O 11. Qd2 c6 12. d4 c5 13. d5 Nd4 14. Bh3 Bxh3 15. Rxh3 Qd7 16. Rh2 b5 17. Rc1 Rfb8 18. Nxd4 exd4 19. Bf4 bxc4 20. Rxc4 a5 21. Qd3 Rb4 22. Rhc2 Rb6 23. Kf1 Qe8 24. Kg2 Nd7 25. Nh3 Qb8 26. Nf2 Be5 27. Bc1 Rb7 28. g4 Qd8 29. f4 Qxh4 30. fxe5 Nxe5 31. Qg3 Qxg3+ 32. Kxg3 d3 33. R2c3 d2 34. Bxd2 Rxb2 35. Bg5 h4+ 36. Bxh4 Rb4 37. Rxb4 axb4 38. Rc2 Ra3+ 39. Kg2 Nf3 40. e5 Nxh4+ 41. Kf1 Nf3 42. exd6 b3 43. axb3 Ra1+ 44. Ke2 Nd4+ 45. Kd2 Nxc2 46. Kxc2 f5 47. gxf5 gxf5 48. d7 Ra8 49. Nd3 Kf7 50. Nxc5 Ke7 51. Kd3 Ra1 52. b4 Rb1 53. Kc4 Rb2 54. b5 Rb1 55. d6+ Kd8 56. Kd5 Rxb5 57. Kc6 Rxc5+ 58. Kxc5 1/2-1/2

[Event "Avoine"]
[Site "?"]
[Date "2004.07.??"]
[Round "?"]
[White "Istratescu Andrei"]
[Black "Dumitrache Dragos"]
[Result "1-0"]
[WhiteElo "2603"]
[BlackElo "2470"]
[PlyCount "91"]
[EventDate "2004.??.??"]
[Source "www.chesslib.no"]
[SourceDate "2004.05.04"]

1. c4 e5 2. Nc3 Nc6 3. g3 g6 4. Bg2 Bg7 5. d3 d6 6. e4 Nge7 7. Nge2 O-O 8. h4 h6 9. Nd5 Nxd5 10. cxd5 Ne7 11. Be3 c6 12. dxc6 Nxc6 13. O-O Kh7 14. d4 exd4 15. Nxd4 Nxd4 16. Bxd4 Be6 17. b3 Qe7 18. Bxg7 Kxg7 19. Qd4+ f6 20. Rfd1 Rfd8 21. Rac1 a6 22. Qb6 Rd7 23. Rc3 Qd8 24. Qe3 Rc8 25. Rcd3 Qe7 26. Qd2 Rcd8 27. Qb4 Bg4 28. R1d2 Be6 29. Qb6 Kf7 30. a4 Kf8 31. a5 Kf7 32. b4 Kf8 33. Rd4 Kf7 34. f4 Kf8 35. Bf3 Kg7 36. h5 g5 37. e5 dxe5 38. fxe5 Rxd4 39. Rxd4 Rxd4 40. Qxd4 fxe5 41. Qxe5+ Kf7 42. Qe4 Qd6 43. Qxb7+ Kf6 44. Kh2 Qd2+ 45. Bg2 g4 46. Qxa6 1-0

[Event "Debrecen"]
[Site "?"]
[Date "1989.??.??"]
[Round "?"]
[White "Csom, I."]
[Black "Kindermann, S."]
[Result "1-0"]
[WhiteElo "2545"]
[BlackElo "2515"]
[PlyCount "111"]
[EventDate "1989.??.??"]
[Source "ChessBase"]
[SourceDate "1989.01.01"]

1. c4 e5 2. g3 g6 3. Nc3 Bg7 4. Bg2 d6 5. d3 Nc6 6. e4 Nd4 7. Nge2 Bg4 8. h3 Bxe2 9. Nxe2 Nxe2 10. Qxe2 Ne7 11. h4 Nc6 12. Bg5 Bf6 13. Be3 h5 14. O-O-O Qe7 15. Bh3 a6 16. Kb1 Kf8 17. Rc1 Nd4 18. Bxd4 exd4 19. f4 c5 20. Bg2 Re8 21. Bf3 Kg7 22. Qg2 b5 23. Bd1 Rb8 24. Bb3 Qd7 25. Rhf1 b4 26. Rf3 Bd8 27. Qc2 f5 28. Ba4 Qc8 29. Re1 Rb7 30. exf5 gxf5 31. Qg2 Re7 32. Rxe7+ Bxe7 33. Rf2 Rh6 34. Qf3 Re6 35. Re2 Kh6 36. Bd1 Rxe2 37. Qxe2 Bf6 38. Qxh5+ Kg7 39. Bf3 Qe6 40. Bd5 Qe7 41. Kc2 a5 42. Kb3 Qd7 43. Kc2 Qe7 44. Kd1 Qd7 45. Ke1 a4 46. Kf1 Bd8 47. g4 fxg4 48. f5 Kf6 49. Kg2 Qg7 50. Qe8 Be7 51. Qd7 Qf8 52. Qe6+ Kg7 53. Qg6+ Kh8 54. f6 Bxf6 55. Be4 Qg7 56. Qe8+ 1-0

[Event "WICC qual Dubai sf 25'+10"]
[Site "?"]
[Date "2001.10.04"]
[Round "8"]
[White "Agrest Evgenij"]
[Black "Nataf Igor Alexandre"]
[Result "1/2-1/2"]
[WhiteElo "2529"]
[BlackElo "2527"]
[PlyCount "103"]
[EventDate "2001.??.??"]
[Source "www.chesslib.no"]
[SourceDate "2004.05.04"]

1. c4 g6 2. Nc3 Bg7 3. g3 e5 4. Bg2 d6 5. d3 Nc6 6. e4 Nge7 7. Nge2 O-O 8. O-O Nd4 9. Nxd4 exd4 10. Ne2 Rb8 11. b3 b5 12. Qc2 c5 13. Bd2 Bd7 14. h3 bxc4 15. bxc4 Bc6 16. g4 Qd7 17. Ng3 Qb7 18. Bf4 Be5 19. Bh6 Bg7 20. Bf4 Be5 21. Bg5 Bg7 22. Qc1 Nc8 23. Rb1 Qxb1 24. Qxb1 Rxb1 25. Rxb1 Re8 26. Bd2 Nb6 27. f4 Kf8 28. Ba5 Ke7 29. Bxb6 Rb8 30. e5 Kd7 31. exd6 axb6 32. Ne4 Bxe4 33. Bxe4 Bf8 34. f5 Bxd6 35. Kg2 g5 36. f6 Ke6 37. Bxh7 Kxf6 38. Be4 Bc7 39. a4 Rh8 40. Rb5 Rb8 41. a5 bxa5 42. Rxc5 Bd8 43. Kf3 a4 44. Rc6+ Ke5 45. Ra6 Rb4 46. c5 Rb5 47. Rd6 Bf6 48. Ra6 Bd8 49. Ra8 Bc7 50. Rxa4 Rxc5 51. Ra6 Rc1 52. Rc6 1/2-1/2

[Event "TCh-ROM A"]
[Site "?"]
[Date "2005.05.28"]
[Round "8"]
[White "Marin Mihail"]
[Black "Badea Bela"]
[Result "1/2-1/2"]
[WhiteElo "2530"]
[BlackElo "2500"]
[PlyCount "41"]
[EventDate "2005.??.??"]
[Source "www.chesslib.no"]
[SourceDate "2004.05.04"]

1. c4 g6 2. g3 Bg7 3. Bg2 d6 4. Nc3 Nc6 5. d3 e5 6. e4 Be6 7. Nge2 Qd7 8. Nd5 h5 9. h4 Nd8 10. d4 c6 11. Ne3 exd4 12. Nxd4 Nf6 13. Rb1 O-O 14. b3 Re8 15. O-O Bh3 16. Ndf5 Bxg2 17. Nxg7 Bxf1 18. Nxe8 Qxe8 19. Qxf1 Qxe4 20. Bb2 Nd7 21. Rd1 1/2-1/2

[Event "ROM-chT"]
[Site "?"]
[Date "1998.??.??"]
[Round "2"]
[White "Suba Mihail"]
[Black "Grigore George"]
[Result "1/2-1/2"]
[WhiteElo "2550"]
[BlackElo "2475"]
[PlyCount "87"]
[EventDate "1998.??.??"]
[Source "www.chesslib.no"]
[SourceDate "2004.05.04"]

1. c4 g6 2. g3 Bg7 3. Bg2 e5 4. e4 d6 5. d3 Nc6 6. Nc3 h5 7. h3 h4 8. g4 f5 9. gxf5 gxf5 10. Nd5 Nce7 11. Bg5 c6 12. Nxe7 Nxe7 13. Nf3 Qa5+ 14. Kf1 Ng6 15. Nd2 f4 16. Bf3 Kf7 17. Nb3 Qc7 18. Bg4 Bf6 19. Bxf6 Kxf6 20. Rg1 c5 21. Nd2 Bd7 22. Bxd7 Qxd7 23. Qg4 Qxg4 24. Rxg4 Rag8 25. Nf3 Ne7 26. Kg2 Nc6 27. Rh1 Nd4 28. Nxh4 Rxg4+ 29. hxg4 Rg8 30. f3 Rh8 31. Rh3 Kg5 32. Nf5 Rxh3 33. Kxh3 Nxf3 34. Nxd6 Ne1 35. Nxb7 Nxd3 36. b4 Nxb4 37. Nxc5 Nxa2 38. Nd7 Nc3 39. c5 Nxe4 40. c6 Nd6 41. Nxe5 a5 42. c7 Nc8 43. Nf3+ Kh6 44. Nd2 1/2-1/2

[Event "Bad Endbach"]
[Site "Bad Endbach"]
[Date "1995.??.??"]
[Round "?"]
[White "Bischoff, Klaus"]
[Black "Levin, Felix"]
[Result "1/2-1/2"]
[WhiteElo "2525"]
[BlackElo "2490"]
[PlyCount "122"]
[EventDate "1995.04.??"]
[Source "ChessBase"]

1. c4 e5 2. Nc3 d6 3. g3 g6 4. Bg2 Bg7 5. d3 Nc6 6. e4 Nge7 7. Nge2 O-O 8. O-O f5 9. Nd5 Be6 10. Be3 h6 11. Qd2 Kh7 12. Rad1 Qd7 13. b4 a6 14. Rc1 Rab8 15. h4 f4 16. gxf4 Bh3 17. f3 Bxg2 18. Kxg2 h5 19. Ng1 exf4 20. Nxf4 Bf6 21. Nfh3 Bxh4 22. Bg5 Bxg5 23. Nxg5+ Kg8 24. d4 Rbe8 25. N1h3 Nc8 26. f4 Nd8 27. d5 c6 28. Rc3 Re7 29. Rg3 Rg7 30. Kh1 cxd5 31. cxd5 Qe7 32. Qe3 Qf6 33. Rfg1 Ne7 34. Qd2 Kh8 35. Nf3 Nf7 36. Nd4 Rc8 37. Ne6 Rgg8 38. Nf2 Nh6 39. Nh3 Rc4 40. e5 Qf5 41. exd6 Nxd5 42. Nhg5 Re4 43. Rd3 Nf6 44. d7 Rxe6 45. d8=Q Rxd8 46. Rxd8+ Re8 47. Rxe8+ Nxe8 48. Re1 Nf6 49. Re7 Qc8 50. Qd4 Kg8 51. Qxf6 Qc1+ 52. Kg2 Qd2+ 53. Kg1 Qd1+ 54. Kg2 Qd2+ 55. Kf1 Qd1+ 56. Re1 Qd3+ 57. Kg1 Qg3+ 58. Kf1 Qd3+ 59. Kg2 Qd2+ 60. Kh3 Qd3+ 61. Kg2 Qd2+ 1/2-1/2

[Event "RUS-Cup"]
[Site "?"]
[Date "1998.??.??"]
[Round "2"]
[White "Iskusnyh Sergei"]
[Black "Sherbakov Ruslan"]
[Result "1/2-1/2"]
[WhiteElo "2455"]
[BlackElo "2555"]
[PlyCount "36"]
[EventDate "1998.??.??"]
[Source "www.chesslib.no"]
[SourceDate "2004.05.04"]

1. c4 e5 2. Nc3 Nc6 3. g3 g6 4. Bg2 Bg7 5. d3 d6 6. e4 Be6 7. Nge2 Qd7 8. O-O f5 9. Nd5 Nf6 10. exf5 Bxf5 11. h3 O-O 12. g4 Nxg4 13. hxg4 Bxg4 14. f3 Be6 15. Be3 Nd4 16. Ng3 Rf7 17. Bxd4 exd4 18. Qe2 Bh6 1/2-1/2

[Event "CZE Team Ch 9697"]
[Site "Czech Republic"]
[Date "1997.??.??"]
[Round "9"]
[White "Smejkal, Jan"]
[Black "Mokry, Karel"]
[Result "1/2-1/2"]
[WhiteElo "2505"]
[BlackElo "2500"]
[PlyCount "21"]
[EventDate "1996.??.??"]
[Source "www.chesslib.no"]
[SourceDate "2004.05.04"]

1. c4 e5 2. Nc3 d6 3. g3 g6 4. Bg2 Bg7 5. d3 Nc6 6. e4 Nd4 7. Nge2 Nxe2 8. Qxe2 Ne7 9. h4 h5 10. Bg5 O-O 11. Qd2 1/2-1/2

[Event "Kecskemet"]
[Site "Kecskemet"]
[Date "1992.??.??"]
[Round "11"]
[White "Arkhipov, Sergey"]
[Black "Schlosser, Philipp"]
[Result "1-0"]
[WhiteElo "2515"]
[BlackElo "2485"]
[PlyCount "75"]
[EventDate "1992.04.??"]
[Source "ChessBase"]

1. c4 g6 2. e4 e5 3. Nc3 Bg7 4. g3 d6 5. Bg2 Nc6 6. d3 Nge7 7. Nge2 Bg4 8. f3 Be6 9. Nd5 O-O 10. Be3 f5 11. Qd2 Qd7 12. O-O Rae8 13. Rae1 a6 14. b3 Nc8 15. exf5 Bxf5 16. g4 Be6 17. Ndc3 Nd4 18. Ne4 Kh8 19. Nxd4 exd4 20. Bh6 b6 21. h3 d5 22. Bxg7+ Kxg7 23. Ng5 h6 24. Nxe6+ Rxe6 25. Rxe6 Qxe6 26. Re1 Qd6 27. cxd5 Qxd5 28. f4 Qd6 29. Re4 a5 30. Qf2 c5 31. f5 Rf7 32. Qh4 Re7 33. fxg6 Kxg6 34. g5 hxg5 35. Qh8 Qc7 36. h4 Rxe4 37. Bxe4+ Kf7 38. Qh7+ 1-0

[Event "Katrineholm"]
[Site "Katrineholm"]
[Date "1995.??.??"]
[Round "?"]
[White "Davies, Nigel R"]
[Black "Vescovi, Giovanni P"]
[Result "0-1"]
[WhiteElo "2530"]
[BlackElo "2465"]
[PlyCount "74"]
[EventDate "1995.04.??"]
[Source "www.chesslib.no"]
[SourceDate "2004.05.04"]

1. c4 d6 2. Nc3 e5 3. g3 g6 4. Bg2 Bg7 5. e4 Nc6 6. d3 h5 7. h3 h4 8. g4 Be6 9. Nf3 Qd7 10. Bg5 f6 11. Bxh4 O-O-O 12. Nd5 Rf8 13. Bg3 f5 14. Ng5 f4 15. Bh2 Nd4 16. f3 c6 17. Nc3 Bf6 18. Nxe6 Qxe6 19. Bg1 Ne7 20. Qa4 Kb8 21. Kf1 Nc8 22. Ne2 Nb6 23. Qd1 d5 24. exd5 cxd5 25. Nxd4 exd4 26. c5 Nd7 27. Qc2 Re8 28. Bf2 Bh4 29. Bxh4 Rxh4 30. Rh2 Qe3 31. Bh1 Rh7 32. b4 Rhe7 33. Rf2 Ne5 34. Rd1 g5 35. Rdd2 Nxg4 36. hxg4 Rh8 37. Kg1 Qe1+ 0-1

[Event "VII Cup GM"]
[Site "Paks"]
[Date "2003.11.22"]
[Round "4"]
[White "Nevednichy, Vladislav"]
[Black "Toth, Andras"]
[Result "1/2-1/2"]
[WhiteElo "2575"]
[BlackElo "2419"]
[PlyCount "104"]
[EventDate "2003.11.19"]
[Source "Roberto Alvarez"]
[SourceDate "2003.12.01"]

1. c4 g6 2. Nc3 Bg7 3. g3 e5 4. Bg2 Nc6 5. d3 d6 6. e4 Nge7 7. Nge2 O-O 8. O-O Be6 9. Nd5 Qd7 10. Be3 Rab8 11. Qd2 a6 12. b3 f5 13. Rae1 Rf7 14. f3 Rbf8 15. Kh1 Kh8 16. Bg1 h6 17. Nxe7 Rxe7 18. exf5 Bxf5 19. d4 g5 20. d5 Nb8 21. f4 exf4 22. gxf4 Bh3 23. fxg5 Bxg2+ 24. Kxg2 Rxf1 25. Rxf1 Qg4+ 26. Ng3 Qxg5 27. Qxg5 hxg5 28. Rf5 Nd7 29. Rxg5 Re1 30. Bf2 Rc1 31. Nh5 Be5 32. Rf5 Kg8 33. Be3 Rc3 34. Rf3 b5 35. Bf4 bxc4 36. Rxc3 Bxc3 37. bxc4 Nb6 38. Kf3 Nxc4 39. Ke4 Nb6 40. Bg5 Be5 41. Bf4 Bb2 42. Be3 Be5 43. h3 Kf7 44. Nf4 Nd7 45. Nh5 Kg6 46. Nf4+ Kf7 47. Nd3 Nf6+ 48. Kf5 Bc3 49. Nf4 Be5 50. Ng6 Bb2 51. Nf4 Be5 52. Nd3 Bc3 1/2-1/2

[Event "5th United Insurance, Dhaka BAN"]
[Site "?"]
[Date "2001.??.??"]
[Round "8"]
[White "Miezis, N."]
[Black "Davies, N."]
[Result "1/2-1/2"]
[WhiteElo "2530"]
[BlackElo "2460"]
[PlyCount "84"]
[EventDate "2001.??.??"]
[Source "www.chesslib.no"]
[SourceDate "2004.05.04"]

1. c4 e5 2. Nc3 Nc6 3. g3 g6 4. Bg2 Bg7 5. d3 d6 6. e4 Nge7 7. Nge2 O-O 8. O-O Nd4 9. Nxd4 exd4 10. Ne2 Rb8 11. b4 b5 12. cxb5 Rxb5 13. Bd2 c5 14. bxc5 dxc5 15. Qc2 Qb6 16. Rab1 Bd7 17. Rxb5 Qxb5 18. Rb1 Qa6 19. Nf4 Rc8 20. h4 Be5 21. Qc4 Qxc4 22. dxc4 Rb8 23. Rb3 Nc6 24. Nd5 Rxb3 25. axb3 d3 26. f4 Bd4+ 27. Kf1 Bg4 28. e5 Kf8 29. Ke1 Ne7 30. Nf6 Be2 31. Bf1 Bxf1 32. Kxf1 h5 33. Ne4 Nf5 34. Kg2 Ke7 35. Kf3 Kd7 36. Ba5 Kc6 37. Be1 Ne3 38. Nf2 Nc2 39. Nxd3 Na1 40. b4 cxb4 41. Bxb4 Nb3 42. Ke4 Ba1 1/2-1/2

[Event "Hastings Challengers 9091"]
[Site "Hastings"]
[Date "1990.??.??"]
[Round "?"]
[White "Sher, Miron N"]
[Black "Mestel, A Jonathan"]
[Result "1-0"]
[WhiteElo "2485"]
[BlackElo "2505"]
[PlyCount "92"]
[EventDate "1990.12.??"]
[Source "ChessBase"]

1. c4 e5 2. g3 Nc6 3. Nc3 g6 4. Bg2 Bg7 5. d3 d6 6. e4 Be6 7. Nge2 Qd7 8. Nd5 Nce7 9. d4 c6 10. Nxe7 Nxe7 11. d5 cxd5 12. cxd5 Bh3 13. O-O O-O 14. Nc3 Bxg2 15. Kxg2 f5 16. f3 b5 17. Bd2 f4 18. Qe2 a6 19. a4 b4 20. Nd1 a5 21. b3 g5 22. g4 Ng6 23. Nb2 h5 24. h3 hxg4 25. hxg4 Nh4+ 26. Kh1 Kf7 27. Be1 Rh8 28. Bxh4 Rxh4+ 29. Kg2 Rah8 30. Rh1 Qa7 31. Nc4 Ke7 32. Rxh4 Rxh4 33. Rf1 Qa8 34. Qe1 Bf6 35. Rh1 Qa7 36. Qa1 Qd4 37. Qxd4 exd4 38. Rd1 Rh8 39. Nxa5 Kd7 40. Nc6 Rc8 41. Rh1 Kc7 42. Kf2 d3 43. Rd1 Bc3 44. Rxd3 Kb6 45. Rd1 Rh8 46. Kg2 Kc5 1-0